Task performance of expatriates based on emissary model of global human resource strategy (Record no. 518418)

000 -LEADER
fixed length control field 01419nam a22001577a 4500
008 - FIXED-LENGTH DATA ELEMENTS--GENERAL INFORMATION
fixed length control field 210923b ||||| |||| 00| 0 eng d
100 ## - MAIN ENTRY--PERSONAL NAME
Personal name Kim, Hyeong-Deug and Kamalanabhan, T. J.
245 ## - TITLE STATEMENT
Title Task performance of expatriates based on emissary model of global human resource strategy
260 ## - PUBLICATION, DISTRIBUTION, ETC. (IMPRINT)
Place of publication, distribution, etc Management and Labour Studies
300 ## - PHYSICAL DESCRIPTION
Extent 46(1), Feb, 2021: p.78-93
520 ## - SUMMARY, ETC.
Summary, etc This survey study examined predictors of the task performance of Korean expatriates in India, while considering their globalization status. Task performance was significantly influenced by opportunities for career development and satisfaction of global human resource management practices. However, cultural intelligence, family adjustment and willingness to accept a global assignment did not significantly influence task performance. Using an emissary model of international HR strategy that conforms to Korean companies’ current globalization status, we explain these results and also suggest valuable insights to fast-growing companies from newly industrializing or emerging economies so that they can develop a relevant strategy for improving task performance of their expatriates. – Reproduced
650 ## - SUBJECT ADDED ENTRY--TOPICAL TERM
Topical term or geographic name as entry element Expatriates, Careers in an international context, International assignments, Task performance, Emissary model
9 (RLIN) 27537
773 ## - HOST ITEM ENTRY
Main entry heading Management and Labour Studies
906 ## - LOCAL DATA ELEMENT F, LDF (RLIN)
Subject DIP EXPATRIATES
942 ## - ADDED ENTRY ELEMENTS (KOHA)
Item type Articles
Holdings
Withdrawn status Lost status Source of classification or shelving scheme Damaged status Not for loan Permanent location Current location Date acquired Serial Enumeration / chronology Barcode Date last seen Koha item type
          Indian Institute of Public Administration Indian Institute of Public Administration 2021-09-23 46(1), Feb, 2021: p.78-93 AR125566 2021-09-23 Articles

Powered by Koha